The Hall of Votive Gifts /

محفوظ في:

المؤلف الرئيسي: Lehmann, Karl, 1894-1960 (مؤلف)

مؤلف مشترك: New York University. Institute of Fine Arts.

مؤلفون آخرون: Brown, Charles H., 1947-

التنسيق: كتاب

اللغة: English

منشور في: London : [Routledge & Kegan Paul], c1962.

سلاسل: Samothrace ; 4/1.
Bollingen series ; 60/4-1.

الموضوعات:

الوسوم: إضافة وسم

لا توجد وسوم, كن أول من يضع وسما على هذه التسجيلة!

رقم الطلب: DF261 .S3 L52 v.4/1

LEADER 01016namaa2200289 4500
001 22192
003 OSt
005 20260104123741.0
008 130303s1962 enkaf b 001 0 eng d
040 |c ARCE Library 
043 |a e-gr--- 
050 4 |a DF261 .S3 L52 v.4/1  
100 1 |a Lehmann, Karl,  |d 1894-1960,  |e author 
245 1 4 |a The Hall of Votive Gifts /  |c by Karl Lehmann ; with contributions by Charles H. Brown ... [et al.]. 
264 1 |a London :  |b [Routledge & Kegan Paul],  |c c1962. 
300 |a xvi, 186 pages, 20 pages of plates :  |b illustrations ;  |c 31 cm. 
490 0 |a Samothrace ;  |v 4/1. 
490 0 |a Bollingen series ;   |v 60/4-1. 
504 |a Includes bibliographical references and indexes. 
555 |a Sara.lib 
650 0 |a Excavations (Archaeology)  |z Greece  |z Samothrace Island. 
651 0 |a Samothrace Island (Greece)  |x Antiquities. 
700 1 |a Brown, Charles H.,  |d 1947- 
710 2 |a New York University.   |b Institute of Fine Arts. 
901 |a reviewed 
942 |c BK  |2 lcc 
999 |c 20792  |d 20792